• 首页
  • 本馆介绍
  • 公告通知
  • 最新文献
  • 馆藏检索
  • 电子资源
  • 读者导购
  • 参考咨询
  • 我的图书馆
  • 登录
  • 详细信息显示
  • 放入我的书架
  • 预约/预借图书
  • 作者相关作品
  • 分类相关作品
  • 丛书相关作品
  • 出版社相关作品

书目信息

  • 表格格式
  • 工作单格式
  • 卡片格式
题名:
你的形象价值百万 你的礼仪价值百万 你的口才价值百万
    
 
作者: 宿文渊 编著
分册:  
出版信息: 北京   中国华侨出版社  2014
页数: 423页
开本: 29cm
丛书名:
单 册:
中图分类: B834.3 , K891.26
科图分类:
主题词: 个人--形象--设计--通俗读物 , 礼仪--通俗读物 , 口才学--通俗读物
电子资源:
ISBN: 978-7-5113-3272-1
000 00988nam0 2200265 450
001 339742
005 20150608161006.21
010    @a978-7-5113-3272-1@dCNY59.80
100    @a20130801d2013 em y0chiy50 ea
101 0  @achi
102    @aCN@b110000
105    @aa z 000yy
106    @ar
200 1  @a你的形象价值百万 你的礼仪价值百万 你的口才价值百万@Ani de xing xiang jia zhi bai wan ni de li yi jia zhi bai wan ni de kou cai jia zhi bai wan@f宿文渊编著
210    @a北京@c中国华侨出版社@d2014
215    @a423页@c图@d29cm
330    @a本书阐述了形象、礼仪、口才的基本原理和法则, 提出了提升自我形象、修炼优雅礼仪、练就卓越口才的基本途径和方法, 从交际到生活, 从求职到工作, 从说话到办事, 从推销到谈判, 从庆典到宴会等。
606 0  @a个人@x形象@x设计@j通俗读物
606 0  @a礼仪@j通俗读物
606 0  @a口才学@j通俗读物
690    @aB834.3@v5
690    @aK891.26@v5
701  0 @a宿文渊@Asu wen yuan@4编著
801  0 @aCN@b卓展宏图@c20150525
905    @dB834.3@e294@f4
    
    你的形象价值百万 你的礼仪价值百万 你的口才价值百万/宿文渊编著.-北京:中国华侨出版社,2014
    423页:图;29cm
    
    
    ISBN 978-7-5113-3272-1:CNY59.80
    本书阐述了形象、礼仪、口才的基本原理和法则, 提出了提升自我形象、修炼优雅礼仪、练就卓越口才的基本途径和方法, 从交际到生活, 从求职到工作, 从说话到办事, 从推销到谈判, 从庆典到宴会等。
●
相关链接 在E读中查询图书 在五车中查询图书 在当当中查询图书 在豆瓣中查询图书


正题名:你的形象价值百万 你的礼仪价值百万 你的口才价值百万     索取号:B834.3/294         预约/预借

序号 登录号 条形码 馆藏地/架位号 状态 备注
1 863875   208638759   第一样本阅览室/ [索取号:B834.3/294] 在馆    
2 863876   208638768   第一借阅区/ [索取号:B834.3/294] 在馆    
3 863877   208638777   第一借阅区/ [索取号:B834.3/294] 在馆    
4 863878   208638786   教育系资料室/ [索取号:B834.3/294] 在馆    
唐山师范学院图书馆 欢迎您!
大连网信软件有限公司© 版权所有